Las inteligencias múltiples en el aula (Registro nro. 3089)
[ vista simple ]
| 000 -CABECERA | |
|---|---|
| Longitud fija campo de control | 00743nam a2200265Ia 4500 |
| 001 - NÚMERO DE CONTROL | |
| Número de control | 379518 |
| 003 - IDENTIFICADOR DEL NÚMERO DE CONTROL | |
| Identificador del número de control | EcQuBN |
| 008 - DATOS DE LONGITUD FIJA--INFORMACIÓN GENERAL | |
| Códigos de información de longitud fija | 130917s9999 xx 000 0 und d |
| 020 ## - NÚMERO INTERNACIONAL ESTÁNDAR DEL LIBRO | |
| Número Internacional Normalizado para Libros (ISBN) | 9789875000322 |
| 040 ## - FUENTE DE LA CATALOGACIÓN | |
| Centro catalogador de origen | EcQuBN |
| 041 1# - CÓDIGO DE LENGUA | |
| Código de lengua del texto;banda sonora o título independiente | spa |
| 100 1# - ENTRADA PRINCIPAL--NOMBRE DE PERSONA | |
| Nombre de persona | Armstrong, Thomas |
| 9 (RLIN) | 10792 |
| Fechas asociadas con el nombre | 1951- |
| 245 10 - MENCIÓN DE TÍTULO | |
| Título | Las inteligencias múltiples en el aula |
| Mención de responsabilidad, etc. | Thomas Armstrong |
| 260 ## - PUBLICACIÓN, DISTRIBUCIÓN, ETC. (PIE DE IMPRENTA) | |
| Lugar de publicación, distribución, etc. | Buenos Aires, Argentina : |
| Nombre del editor, distribuidor, etc. | Ediciones Manantial |
| Fecha de publicación, distribución, etc. | 2007 |
| 300 ## - DESCRIPCIÓN FÍSICA | |
| Extensión | 238 p. ; |
| Dimensiones | 23 cm. |
| 490 1# - MENCIÓN DE SERIE | |
| Mención de serie | Biblioteca del Docente |
| 500 ## - NOTA GENERAL | |
| Nota general | Apéndices |
| 504 ## - NOTA DE BIBLIOGRAFÍA, ETC. | |
| Nota de bibliografía, etc. | Bibliografía : p. 215-218 |
| 590 0# - NOTA LOCAL (RLIN) | |
| Nota local | jc |
| 650 #4 - PUNTO DE ACCESO ADICIONAL DE MATERIA--TÉRMINO DE MATERIA | |
| Nombre de materia o nombre geográfico como elemento de entrada | Estilos cognitivos |
| Nombre de materia o nombre geográfico como elemento de entrada | Formación docente |
| Nombre de materia o nombre geográfico como elemento de entrada | Habilidad creativa |
| Nombre de materia o nombre geográfico como elemento de entrada | Inteligencias múltiples |
| 942 ## - ELEMENTOS DE PUNTO DE ACCESO ADICIONAL (KOHA) | |
| Fuente de clasificaión o esquema | Dewey Decimal Classification |
| Koha [por defecto] tipo de item | Monografía |
| Suprimido | Perdido | Fuente de clasificación o esquema | Estropeado | No se presta | Koha Colección | Localización (Biblioteca) | Localización actual | Localización en estanterías | Fecha adquisición | Préstamos totales | Clasificación completa | Fecha última consulta | Número de ejemplar | Fecha del precio de reemplazo | Tipo de item de Koha |
|---|---|---|---|---|---|---|---|---|---|---|---|---|---|---|---|
| Disponible | Dewey Decimal Classification | Sin daños | Disponible para préstamo | Biblioteca y Archivo de la CCE | Biblioteca y Archivo de la CCE | 18/07/2012 | I 371.1 A7351 | 17/09/2013 | Ej.1 | 17/09/2013 | Monografía |























